Princípy a skúsenosti sovietski teoretici a spisovatelia o socialistickom realizme

Bibliographic Details
Main Authors: Borev, J. (Author), Surganov, V. (Author), Volkov, I. (Author), Gusev, Viktor Michajlovič (Author), Kirejev, R. (Author), Terakopian, L. (Author), Selivanova, S. (Author)
Other Authors: Birčák, Peter (Translator)
Format: Article
Language:Slovak
Russian
Subjects:

MARC

LEADER 00000nab a2200000 a 4500
001 vtls000331767
003 SK-MaSNL
005 20260303175516.0
008 230302c1988 xo 0 slo
015 |a SNBRB19rr/mm-uuuuu 
035 |a CL0331889 
035 |a urn:nbn:sk:snk-abandm 
035 |a (urnnbn)urn:nbn:sk:snk:ar-007ycj 
035 |a (uuid)d90ce741-b0ce-4744-bab1-b2b854d4bb02 
040 |a SNKBUCL  |b slo  |c SNKBUCL  |e AACR2 
041 1 |a slo  |h rus 
044 |a xo  |c SK 
080 |a 82.015  |2 1981 
080 |a 82(091)  |2 1981 
080 |a 882  |2 1981 
080 |a 820/899 (47  |2 1981 
080 |a 57)"19"  |2 1981 
080 |a 57)(091)"19"  |2 1981 
245 0 0 |a Princípy a skúsenosti  |b sovietski teoretici a spisovatelia o socialistickom realizme  |c J. Borev, V. Surganov, I. Volkov, Viktor Michajlovič Gusev, R. Kirejev, L. Terakopian, S. Selivanova ; preložil Peter Birčák 
500 |a Prevzaté z časopisu Literaturnaja gazeta, 21/88, Moskva 
650 0 7 |a sovietska literatúra  |2 snkbucl  |9 22300 
650 0 7 |a socialistický realizmus (literatúra)  |2 snkbucl  |9 73000 
655 7 |a články z novín a časopisov  |2 snkbucl  |9 267496 
655 7 |a články z odboru literárna veda a krásna literatúra  |2 snkbucl  |9 770045 
700 1 |a Birčák, Peter  |4 trl  |9 376856 
700 1 |a Borev, J.  |4 aut  |9 1204155 
700 1 |a Surganov, V.  |4 aut  |9 1204156 
700 1 |a Volkov, I.  |4 aut  |9 1204157 
700 1 |a Gusev, Viktor Michajlovič  |4 aut  |9 1204158 
700 1 |a Kirejev, R.  |4 aut  |9 1204159 
700 1 |a Terakopian, L.  |4 aut  |9 1204160 
700 1 |a Selivanova, S.  |4 aut  |9 1204161 
773 0 |t Literárny týždenník  |g Roč. 1, č. 1 (1988), s. 8-9 
850 |a Slovenská národná knižnica v Martine  |a MTA001 
852 |a SNK  |b KIS3GCP 
954 |a odborná, vedecká literatúra cudzojazyčná (svetová)  |2 lita 
954 |a odborná, vedecká literatúra pôvodná (slovenská)  |2 lita 
958 |a RK 
958 |a OND 
958 |a LX 
958 |a SU 
958 |a EUIPO 
958 |a article14 
999 |c 2102198  |d 2104128